Movies Quiz

Random Movies or Friends Quiz
Score 0/20 Timer 06:00
2 Plays Today
% Correct
Captain Phillips
88.3%
Cast Away
88.1%
Turner & Hooch
85.7%
Philadelphia
82.3%
Forrest Gump
81.9%
Big
73.8%
The Terminal
72.5%
You've Got Mail
71.6%
Sully
66.2%
Angels & Demons
64.8%
% Correct
A League of Their Own
62.7%
Bridge of Spies
62.3%
Splash
61.7%
Charlie Wilson's War
55.7%
The Green Mile
50.6%
Saving Mr. Banks
49.8%
Larry Crowne
49.8%
Sleepless in Seattle
39%
Joe Versus the Volcano
38.7%
Saving Private Ryan
27.9%

You're not logged in!

Compare scores with friends on all Sporcle quizzes.
OR
Log In

Sporcle TV

Today on Sporcle TV


Watch our educational content, quiz creation guides, and fun videos on Sporcle TV.

Show Comments

Extras

Top Quizzes Today


Score Distribution

Paid Content

Your Account Isn't Verified!

In order to create a playlist on Sporcle, you need to verify the email address you used during registration. Go to your Sporcle Settings to finish the process.

Report this User

Report this user for behavior that violates our Community Guidelines.

Details: